[Event "POL-ch U18 Girls"]
[Site "Karpacz"]
[Date "2015.??.??"]
[Round "7"]
[White "Wilk, Oktawia"]
[Black "Lascar, Radoslawa"]
[Result "1/2-1/2"]
[WhiteElo "1801"]
[BlackElo "1681"]
[PlyCount "120"]
[EventDate "2015.03.??"]
[EventType "swiss"]
[EventRounds "9"]
[EventCountry "POL"]
[SourceTitle "EXT 2017"]
[Source "ChessBase"]
[SourceDate "2016.10.25"]
[SourceVersion "1"]
[SourceVersionDate "2016.10.25"]
[SourceQuality "1"]

1. d4 e6 2. c4 d5 3. Nc3 c5 4. cxd5 exd5 5. Nf3 Nc6 6. g3 Nf6 7. Bg5 cxd4 8. Nxd4 Be7 9. Bg2 h6 10. Be3 0-0 11. 0-0 Ne5 12. Bf4 Ng6 13. Be3 Ne5 14. b3 a6 15. h3 Qa5 16. Na4 Bd7 17. Bd2 Qd8 18. Nb2 Ba3 19. Qb1 Ne4 20. Be3 Nc3 21. Qc2 Rc8 22. Nd3 Ne4 23. Qd1 Nxd3 24. exd3 Nc3 25. Qd2 Re8 26. Kh2 b5 27. Rae1 Bd6 28. Ne2 b4 29. Bd4 Nb5 30. Ba1 Bc6 31. Nd4 Nxd4 32. Bxd4 Bb5 33. Rxe8+ Bxe8 34. Rc1 Rxc1 35. Qxc1 Be7 36. Qb2 f6 37. Qe2 Qd6 38. Qe3 Bf7 39. Bb6 Qe6 40. Bxd5 Qxd5 41. Qxe7 Qxd3 42. Qxb4 Bd5 43. Qe1 Qf3 44. Qf1 h5 45. Be3 g5 46. h4 gxh4 47. gxh4 Qe4 48. Qg1+ Kf7 49. f4 Qf3 50. Qf2 Qh1+ 51. Kg3 Qd1 52. Bd2 Qg4+ 53. Kh2 Be6 54. Qa7+ Kg6 55. Qg1 Qxg1+ 56. Kxg1 Kf5 57. Bc3 Kxf4 58. Bxf6 Ke3 59. Kg2 Kd3 60. Kf3 Kc2 1/2-1/2

[Event "POL-chT U19 2nd League"]
[Site "Szczyrk"]
[Date "2014.08.01"]
[Round "10.53"]
[White "Wilk, Oktawia"]
[Black "Dwilewicz, Agata"]
[Result "1-0"]
[WhiteElo "1662"]
[BlackElo "1540"]
[PlyCount "117"]
[EventDate "2014.07.25"]
[EventType "team-swiss"]
[EventRounds "11"]
[EventCountry "POL"]
[SourceTitle "EXT 2015"]
[Source "ChessBase"]
[SourceDate "2014.11.20"]
[SourceVersion "1"]
[SourceVersionDate "2014.11.20"]
[SourceQuality "1"]
[WhiteTeam "Gniezno LKS Chrobry U19"]
[BlackTeam "Wroclaw KS Polonia U19 II"]
[WhiteTeamCountry "POL"]
[BlackTeamCountry "POL"]

1. e4 c5 2. Nf3 e6 3. d4 cxd4 4. Nxd4 Nc6 5. Nc3 Qc7 6. Be3 a6 7. Bd3 Nf6 8. 0-0 Nxd4 9. Bxd4 Bc5 10. Bxf6 gxf6 11. Qg4 Ke7 12. Qg7 Qd8 13. e5 Qg8 14. Qxf6+ Kf8 15. Ne4 Be7 16. Qh6+ Qg7 17. Qxg7+ Kxg7 18. f4 Rg8 19. Rf3 Kf8 20. Rh3 Rh8 21. Rf1 b5 22. g4 Bb7 23. g5 Rc8 24. Kf2 Bxe4 25. Bxe4 Rc4 26. Kf3 d6 27. exd6 Bxd6 28. Rd1 Ke7 29. b3 Rcc8 30. Rh6 Bb4 31. h4 Bc3 32. h5 Bg7 33. Rxh7 Rxh7 34. Bxh7 Rh8 35. g6 fxg6 36. Bxg6 Rf8 37. Re1 e5 38. Re4 Kd6 39. c4 Bh6 40. f5 Bf4 41. cxb5 axb5 42. a4 Kc6 43. axb5+ Kxb5 44. Rc4 Rf6 45. Ke4 Rd6 46. Ra4 Kb6 47. h6 Bxh6 48. Kxe5 Rc6 49. Rc4 Bg7+ 50. Kd5 Rf6 51. Re4 Rf8 52. Re8 Kb5 53. Rxf8 Bxf8 54. Bf7 Kb4 55. Ke5 Kb5 56. f6 Kc6 57. Ke6 Kc7 58. Be8 Bd6 59. Kf7 1-0

[Event "POL-chT U19 2nd League"]
[Site "Szczyrk"]
[Date "2014.07.26"]
[Round "3.59"]
[White "Jarmuzek, Karolina"]
[Black "Wilk, Oktawia"]
[Result "0-1"]
[WhiteElo "1742"]
[BlackElo "1662"]
[PlyCount "130"]
[EventDate "2014.07.25"]
[EventType "team-swiss"]
[EventRounds "11"]
[EventCountry "POL"]
[SourceTitle "EXT 2015"]
[Source "ChessBase"]
[SourceDate "2014.11.20"]
[SourceVersion "1"]
[SourceVersionDate "2014.11.20"]
[SourceQuality "1"]
[WhiteTeam "Poznan UMKS Na Pieterku U19"]
[BlackTeam "Gniezno LKS Chrobry U19"]
[WhiteTeamCountry "POL"]
[BlackTeamCountry "POL"]

1. e4 e6 2. d4 d5 3. Nc3 Nf6 4. Bg5 Be7 5. e5 Nfd7 6. Bxe7 Qxe7 7. f4 c5 8. Nb5 Qd8 9. Nd6+ Ke7 10. Nf3 f6 11. Qe2 Nc6 12. 0-0-0 Qb6 13. f5 Nxd4 14. Nxd4 cxd4 15. fxe6 Nxe5 16. Nf5+ Kf8 17. Nxd4 Bxe6 18. Nxe6+ Qxe6 19. Qb5 Qc6 20. Qb4+ Kf7 21. Qb3 Rhd8 22. Bb5 Qc5 23. Rhe1 Rac8 24. h3 a6 25. Bf1 b5 26. Rd2 Rd6 27. g4 Kf8 28. Qg3 h6 29. h4 Qb4 30. g5 Qg4 31. Qxg4 Nxg4 32. Bh3 Rc4 33. Bf1 Rf4 34. gxh6 Nxh6 35. Bd3 Nf7 36. h5 Ne5 37. Bg6 Nxg6 38. hxg6 f5 39. Rg1 Re4 40. Rf2 Rf6 41. Rg5 Re5 42. Kd2 Ke7 43. Re2 Kd6 44. Rxe5 Kxe5 45. Ke3 d4+ 46. Kf3 Rc6 47. Rg2 a5 48. Re2+ Kf6 49. Rg2 Re6 50. Kf4 Re4+ 51. Kf3 Rh4 52. Re2 Rg4 53. Re8 Rxg6 54. Rb8 Rg1 55. Rxb5 g5 56. Rxa5 g4+ 57. Kf2 Rc1 58. c3 Rc2+ 59. Kg3 dxc3 60. bxc3 Rxc3+ 61. Kf2 g3+ 62. Kg2 f4 63. a4 Rc2+ 64. Kg1 f3 65. Ra8 Rc1# 0-1

[Event "POL-chT U19 2nd League"]
[Site "Szczyrk"]
[Date "2014.07.26"]
[Round "2.5"]
[White "Wilk, Oktawia"]
[Black "Olechnicka, Karolina"]
[Result "0-1"]
[WhiteElo "1662"]
[BlackElo "1723"]
[PlyCount "80"]
[EventDate "2014.07.25"]
[EventType "team-swiss"]
[EventRounds "11"]
[EventCountry "POL"]
[SourceTitle "EXT 2015"]
[Source "ChessBase"]
[SourceDate "2014.11.20"]
[SourceVersion "1"]
[SourceVersionDate "2014.11.20"]
[SourceQuality "1"]
[WhiteTeam "Gniezno LKS Chrobry U19"]
[BlackTeam "Tczew Skoczek U19"]
[WhiteTeamCountry "POL"]
[BlackTeamCountry "POL"]

1. e4 c5 2. Nf3 d6 3. d4 cxd4 4. Nxd4 Nf6 5. Nc3 a6 6. Bg5 e6 7. f4 h6 8. Bh4 Qb6 9. Qd3 Qxb2 10. Rb1 Qa3 11. Nb3 Nbd7 12. Bf2 Be7 13. Be2 Nc5 14. Qf3 Nfd7 15. 0-0 0-0 16. Be3 Bf6 17. Bd2 b5 18. Bd3 Bb7 19. Qe2 Rac8 20. Qe1 Nxd3 21. cxd3 Nc5 22. Rf3 Nd7 23. d4 Nb6 24. Kh1 Rc7 25. Re3 Rfc8 26. e5 dxe5 27. fxe5 Bg5 28. Rh3 Bxd2 29. Qxd2 Nc4 30. Qf4 Qe7 31. Rg3 Kh7 32. Nc5 Nb6 33. Rf1 Rf8 34. N3e4 Bxe4 35. Qxe4+ Kh8 36. Qg4 Rg8 37. Rf6 g6 38. Qh4 Kg7 39. Nxe6+ Qxe6 40. Rxe6 Rc1# 0-1

[Event "Olsztyn op U18 rapid"]
[Site "Olsztyn"]
[Date "2013.08.01"]
[Round "1"]
[White "Harazinska, Ewa"]
[Black "Wilk, Oktawia"]
[Result "1-0"]
[WhiteElo "2041"]
[BlackElo "1557"]
[PlyCount "47"]
[EventDate "2013.08.01"]
[EventType "swiss (rapid)"]
[EventRounds "11"]
[EventCountry "POL"]
[SourceTitle "CBM 155 Extra"]
[Source "ChessBase"]
[SourceDate "2013.08.26"]
[SourceVersion "1"]
[SourceVersionDate "2013.08.26"]
[SourceQuality "1"]

1. d4 e6 2. c4 d5 3. Nc3 Nf6 4. cxd5 exd5 5. Bg5 Be7 6. Qc2 h6 7. Bh4 0-0 8. e3 Be6 9. Bd3 Nbd7 10. Nge2 c6 11. 0-0 Rc8 12. f3 Nb6 13. Rad1 Qc7 14. Bg3 Bd6 15. Nf4 Bd7 16. Qd2 Rfe8 17. e4 dxe4 18. fxe4 Nh7 19. e5 Bf8 20. e6 Qd8 21. exf7+ Kxf7 22. Bxh7 g5 23. Ne6+ Kxe6 24. Qe3# 1-0

[Event "POL-ch U16 Girls"]
[Site "Szczyrk"]
[Date "2013.??.??"]
[Round "7"]
[White "Lascar, Radoslawa"]
[Black "Wilk, Oktawia"]
[Result "1-0"]
[WhiteElo "1728"]
[BlackElo "1506"]
[PlyCount "101"]
[EventDate "2013.03.17"]
[EventType "swiss"]
[EventRounds "9"]
[EventCountry "POL"]
[SourceTitle "CBM 153 Extra"]
[Source "ChessBase"]
[SourceDate "2013.04.22"]
[SourceVersion "1"]
[SourceVersionDate "2013.04.22"]
[SourceQuality "1"]

1. e4 e6 2. d4 d5 3. Nd2 dxe4 4. Nxe4 Nf6 5. Bd3 Nc6 6. c3 Be7 7. Ne2 e5 8. 0-0 0-0 9. Be3 Be6 10. h3 Qd7 11. Ng5 Rad8 12. Nxe6 Qxe6 13. Qc2 e4 14. Bb5 a6 15. Bxc6 Qxc6 16. Ng3 Rfe8 17. Rfe1 h6 18. Qb3 b5 19. Rac1 Bd6 20. Nf5 Qd5 21. Nxd6 Qxb3 22. axb3 Rxd6 23. c4 c6 24. Ra1 Ra8 25. Ra5 Ne8 26. Rea1 g5 27. Rxa6 Rxa6 28. Rxa6 f5 29. g3 Nc7 30. Rb6 Rg6 31. Kf1 Kh7 32. Bd2 Ne6 33. Bc3 Nc7 34. Rb7 Rg7 35. d5 Rd7 36. Ba5 cxd5 37. Rxc7 Rxc7 38. Bxc7 bxc4 39. bxc4 dxc4 40. Ke2 Kg6 41. Kd2 h5 42. h4 gxh4 43. gxh4 Kf7 44. Kc3 Ke6 45. Kxc4 Kd7 46. Bf4 Kc6 47. b4 Kb6 48. b5 Ka5 49. Bc7+ Ka4 50. b6 Ka3 51. b7 1-0

[Event "POL-ch U16 Girls"]
[Site "Szczyrk"]
[Date "2013.??.??"]
[Round "8"]
[White "Wilk, Oktawia"]
[Black "Ziemba, Magdalena"]
[Result "1/2-1/2"]
[WhiteElo "1506"]
[BlackElo "1537"]
[PlyCount "73"]
[EventDate "2013.03.17"]
[EventType "swiss"]
[EventRounds "9"]
[EventCountry "POL"]
[SourceTitle "CBM 153 Extra"]
[Source "ChessBase"]
[SourceDate "2013.04.22"]
[SourceVersion "1"]
[SourceVersionDate "2013.04.22"]
[SourceQuality "1"]

1. e4 e6 2. d4 d5 3. exd5 exd5 4. Bd3 Nc6 5. Nf3 Bg4 6. c3 Bd6 7. 0-0 Qd7 8. Be3 Nge7 9. Nbd2 0-0 10. Qc2 f5 11. Bg5 Ng6 12. h3 Bh5 13. Nh4 Nxh4 14. Bxh4 h6 15. f4 Rae8 16. Rae1 Rxe1 17. Bxe1 Qe6 18. g3 Ne7 19. Bf2 Qf6 20. Re1 g5 21. fxg5 hxg5 22. Nf1 f4 23. g4 Bg6 24. Bxg6 Nxg6 25. Qe2 Kg7 26. Qf3 c6 27. Nd2 Rf7 28. a3 Re7 29. Rxe7+ Qxe7 30. Qd3 Qe6 31. Nf3 Kf6 32. Nd2 Bc7 33. Kg2 Bd6 34. Kg1 Bc7 35. Kg2 Bd6 36. Kg1 Bc7 37. Kg2 1/2-1/2

[Event "Solina Mind Sports U14 Girls op "]
[Site "Solina"]
[Date "2012.04.15"]
[Round "1"]
[White "Wilk, Oktawia"]
[Black "Kopica, Paulina"]
[Result "1/2-1/2"]
[WhiteElo "1415"]
[BlackElo "1641"]
[PlyCount "158"]
[EventDate "2012.04.15"]
[EventType "swiss"]
[EventRounds "9"]
[EventCountry "POL"]
[SourceTitle "EXT 2014"]
[Source "ChessBase"]
[SourceDate "2013.11.20"]
[SourceVersion "1"]
[SourceVersionDate "2013.11.20"]
[SourceQuality "1"]

1. e4 e6 2. d4 d5 3. exd5 exd5 4. Bd3 Nc6 5. Nf3 Bg4 6. c3 Bd6 7. h3 Bh5 8. 0-0 Qd7 9. Be3 Nge7 10. Nbd2 0-0-0 11. Qa4 Kb8 12. c4 dxc4 13. Bxc4 Nxd4 14. Qxd7 Nxf3+ 15. Nxf3 Rxd7 16. Ng5 f6 17. Nf7 Bxf7 18. Bxf7 Be5 19. Rab1 Nd5 20. Rfd1 Rhd8 21. Bxd5 Rxd5 22. Rxd5 Rxd5 23. b3 c6 24. Kf1 Kc7 25. Ke2 a6 26. Rc1 Kd6 27. b4 Ke6 28. Rc4 g6 29. g3 f5 30. Bb6 Bf6 31. a4 Be7 32. f4 Bf6 33. h4 Rd7 34. a5 Rd5 35. Bc5 Be7 36. Bd4 Rb5 37. Bc3 Bf6 38. Bd2 Kd5 39. Kd3 Bb2 40. Be3 Ke6 41. Bc5 Bf6 42. Rc2 Bd8 43. Kc4 b6 44. Re2+ Kf7 45. axb6 Bxb6 46. Re7+ Kg8 47. Re8+ Kg7 48. Rb8 Bc7 49. Bd4+ Kh6 50. Rxb5 cxb5+ 51. Kc5 Kh5 52. Kc6 Bd8 53. Bc3 Kg4 54. Be1 Kf3 55. Kb7 Ke2 56. Bc3 Kd3 57. Be1 Ke2 58. Bc3 Kf2 59. Kxa6 Kxg3 60. Kxb5 Be7 61. Kc4 Kxf4 62. b5 Bxh4 63. b6 Ke4 64. Kb5 Kd5 65. Be5 Bf2 66. b7 Kxe5 67. b8Q+ Ke4 68. Qb7+ Kf4 69. Qxh7 g5 70. Qc7+ Kg4 71. Qc4+ f4 72. Qe4 Kg3 73. Kc4 Be3 74. Kd3 Kf2 75. Qh1 g4 76. Qh2+ Kf3 77. Qh1+ Kf2 78. Qh2+ Kf3 79. Qh1+ Kf2 1/2-1/2

[Event "Gizycko U18 op 13th"]
[Site "Gizycko"]
[Date "2011.11.19"]
[Round "4.9"]
[White "Wilk, Oktawia"]
[Black "Mendak, Mateusz"]
[Result "1/2-1/2"]
[WhiteElo "1412"]
[BlackElo "1467"]
[PlyCount "60"]
[EventDate "2011.11.18"]
[EventType "swiss"]
[EventRounds "5"]
[EventCountry "POL"]
[SourceTitle "EXT 2023"]
[Source "ChessBase"]
[SourceDate "2022.10.05"]
[SourceVersion "1"]
[SourceVersionDate "2022.10.05"]
[SourceQuality "1"]

1. e4 c5 2. Nf3 e6 3. d4 cxd4 4. Nxd4 Nc6 5. Nxc6 bxc6 6. Nc3 d5 7. Bd3 Be7 8. 0-0 Nf6 9. exd5 cxd5 10. Ne2 0-0 11. c4 Bb7 12. Be3 a6 13. Bg5 Rc8 14. cxd5 Nxd5 15. Bxe7 Qxe7 16. Ng3 Nf4 17. Be4 Rfd8 18. Qf3 Bxe4 19. Qxe4 Nd5 20. Qa4 Qb7 21. b3 Nc3 22. Qg4 Qe7 23. a3 Rb8 24. Rfc1 Nd5 25. b4 Rdc8 26. Qd4 Qg5 27. Rc5 Rd8 28. Qc4 Rb6 29. Rc1 Rbd6 30. Ne4 Ne3 1/2-1/2

[Event "Gizycko U18 op 13th"]
[Site "Gizycko"]
[Date "2011.11.18"]
[Round "1.2"]
[White "Kanarkiewicz, Michal"]
[Black "Wilk, Oktawia"]
[Result "1-0"]
[WhiteElo "1924"]
[BlackElo "1412"]
[PlyCount "61"]
[EventDate "2011.11.18"]
[EventType "swiss"]
[EventRounds "5"]
[EventCountry "POL"]
[SourceTitle "EXT 2023"]
[Source "ChessBase"]
[SourceDate "2022.10.05"]
[SourceVersion "1"]
[SourceVersionDate "2022.10.05"]
[SourceQuality "1"]

1. c4 e6 2. Nf3 d5 3. cxd5 exd5 4. g3 Nf6 5. Bg2 Bd6 6. 0-0 0-0 7. d4 c6 8. Nc3 h6 9. Qd3 Be6 10. Nh4 Qc8 11. e4 dxe4 12. Nxe4 Be7 13. Nc5 Bd5 14. Nf5 Bxc5 15. dxc5 Qe6 16. Bxd5 Nxd5 17. Bd2 Nd7 18. Rfe1 Ne5 19. Qe4 Nd7 20. Qg4 Qg6 21. Nxh6+ gxh6 22. Qxd7 Rab8 23. Re5 Rfd8 24. Qh3 f6 25. Rh5 Qc2 26. Qe6+ Kg7 27. Bxh6+ Kg6 28. Qg4+ Kf7 29. Qg7+ Ke6 30. Re1+ Ne3 31. Rxe3+ 1-0